01705nam a22002417a 4500008004100000020001800041050002100059100003700080245013400117260003100251300002800282336001000310337001400320338001200334500009100346500008000437505071800517650004701235650003301282942001201315952011901327999001701446160226s2010 mx ||||| |||| 00| 0 spa d a978968182433414aHF5549bF74 2010 aFrench, Wendell L.eautor91896610aAdministración de recusrsos humanosb: tomo V administración de personal desarrollo de recursos humanosc / Wendell L. French3 aMéxicob: Limusac, 2010 a426 páginasc; 25 cm. atexto asin medio avolumen aEducación Mixta Psicología MAX / Administración de personal (B 15) / (08 005677) aIncluye Tomo V Administración de personal desarrollo de recursos humanos 1 a 5 - El proceso de colocación Capítulo 11 - Planeación y reclutamiento de recursos humanos Capítulo 12 - El proceso de selección de empleados Capítulo 13 - Administradores efectivos: Sus características y selección 6 - Los procesos de capacitación, desarrollo y evaluación del desempeño Capítulo 15 - Evaluación del desempeño y administración por objetivos Capítulo 16 - Capacitación y readiestramiento en tarea Capítulo 17 - Desarrollo de ejecutivos y empleados Capítulo 18 - Ingenieros, cinetíficos y otros profesionales: su dirección y desarrollo 7 - El proceso de compensación Capítulo 14 - Inducción, transferencias, promociones, degradacionesy separaciones 14aRECURSOS HUMANOS - ADMINISTRACIÓN91887824aCOMPORTAMIENTO HUMANO918879 2lcccLB 00102lcc4070a08b08d2016-02-26l5oHF5549 F74 2010p08 005677r2019-03-14s2019-03-14t1 t. Vw2016-02-26yLB c98974d98974